000
00279nam a22001337a 4500
008
180227b xxu||||| |||| 00| 0 eng d
020
_a
9780980024012
041
_a
eng
080
_a
338
100
_a
54
101
_a
MEN
245
_a
Strategy
_c
Kollat,D.T
942
_2
udc
_c
BK
999
_c
43653
_d
43653